Dynamic HTML unleashed : (Record no. 62186)
[ view plain ]
| 000 -LEADER | |
|---|---|
| fixed length control field | 00667nam a22002057a 4500 |
| 003 - CONTROL NUMBER IDENTIFIER | |
| control field | NUST-PNEC |
| 005 - DATE AND TIME OF LATEST TRANSACTION | |
| control field | 20170116180741.0 |
| 008 - FIXED-LENGTH DATA ELEMENTS--GENERAL INFORMATION | |
| fixed length control field | 141215b xxu||||| |||| 00| 0 eng d |
| 020 ## - INTERNATIONAL STANDARD BOOK NUMBER | |
| International Standard Book Number | 817635046X |
| 020 ## - INTERNATIONAL STANDARD BOOK NUMBER | |
| International Standard Book Number | 9781575213538 |
| 040 ## - CATALOGING SOURCE | |
| Transcribing agency | PNEC |
| 082 ## - DEWEY DECIMAL CLASSIFICATION NUMBER | |
| Classification number | 005.72 BEL |
| 100 ## - MAIN ENTRY--PERSONAL NAME | |
| 9 (RLIN) | 1125 |
| Personal name | Belesis, Peter |
| 245 ## - TITLE STATEMENT | |
| Title | Dynamic HTML unleashed : |
| Statement of responsibility, etc. | Peter Belesis |
| 260 ## - PUBLICATION, DISTRIBUTION, ETC. | |
| Place of publication, distribution, etc. | New Delhi : |
| Name of publisher, distributor, etc. | Techmedia, |
| Date of publication, distribution, etc. | c1998 |
| 300 ## - PHYSICAL DESCRIPTION | |
| Extent | xxvii, 714 p. : |
| Other physical details | ill. ; |
| Dimensions | 23 cm. |
| 650 ## - SUBJECT ADDED ENTRY--TOPICAL TERM | |
| General subdivision | Computer, MIS |
| 856 ## - ELECTRONIC LOCATION AND ACCESS | |
| Uniform Resource Identifier | <a href="http://www.amazon.com/Dynamic-Html-Unleashed-Peter-Belesis/dp/1575213532/ref=sr_1_1?s=books&ie=UTF8&qid=1418634349&sr=1-1&keywords=9781575213538">http://www.amazon.com/Dynamic-Html-Unleashed-Peter-Belesis/dp/1575213532/ref=sr_1_1?s=books&ie=UTF8&qid=1418634349&sr=1-1&keywords=9781575213538</a> |
| 942 ## - ADDED ENTRY ELEMENTS (KOHA) | |
| Source of classification or shelving scheme | |
| Koha item type | Book |
| Withdrawn status | Lost status | Source of classification or shelving scheme | Damaged status | Not for loan | Permanent Location | Current Location | Shelving location | Date acquired | Source of acquisition | Cost, normal purchase price | Total Checkouts | Full call number | Barcode | Date last seen | Cost, replacement price | Price effective from | Koha item type |
|---|---|---|---|---|---|---|---|---|---|---|---|---|---|---|---|---|---|
| Pakistan Navy Engineering College (PNEC) | Pakistan Navy Engineering College (PNEC) | 10/02/2000 | NUST Recurring A/c | 450.00 | 005.72 BEL | PNECLIB-023110 | 12/15/2014 | 450.00 | 10/02/2000 | Book |
